Les 20 pays où les gens sont les plus grands - Statistiques

Statistiques générales
  • Ce quiz a été pris 215 fois
  • Le résultat moyen est 15 sur 20
Statistiques - réponses
Hommes Femmes Pays % Correct
179.7 (5′11) 165.9 (5′5) Allemagne
92%
179.5 (5′11) 165.6 (5′5) Norvège
90%
179.6 (5′11) 165.7 (5′5) Suède
90%
182.5 (6′0) 168.7 (5′6) Pays-Bas
88%
179.7 (5′11) 165.9 (5′5) Finlande
85%
181.4 (5′11) 167.2 (5′6) Danemark
81%
180.1 (5′11) 165.9 (5′5) Islande
77%
181.7 (6′0) 165.5 (5′5) Belgique
76%
181.6 (5′11) 168.7 (5′6) Estonie
76%
179.7 (5′11) 166.6 (5′6) Lituanie
75%
181.7 (5′11) 169.8 (5′7) Lettonie
74%
179.0 (5′10) 166.3 (5′6) Ukraine
69%
180.9 (5′11) 167.7 (5′6) Serbie
64%
178.9 (5′10) 166.3 (5′6) Biélorussie
63%
179.9 (5′11) 165.6 (5′5) Croatie
63%
181.4 (5′11) 168.5 (5′6) République tchèque
63%
180.6 (5′11) 167.5 (5′6) Slovaquie
63%
179.2 (5′11) 165.9 (5′5) Australie
60%
179.8 (5′11) 166.1 (5′5) Slovénie
60%
180.5 (5′11) 165.8 (5′5) Bosnie-Herzégovine
54%
Aucun quiz correspondant
Distribution des résultats
% des personnes avec chaque résultat
Percentile par nombre de réponses
Votre historique - résultats
Vous n’avez pas pris ce quiz